000 02749nam0a2200421 4500
001 RU\NLR\BIBL_A\011453911
005 20250626071138.0
020 _aRU
_b7044
_9Сводный каталог листовок первых лет Советской власти (25 октября (7 ноября) 1917 - 1925) Т.4 (Ч.1). Листовки советских, партийных, профсоюзных, комсомольских и других организаций губерний РСФСР
035 _a(NLR Aleph) 011453911
090 _a11767783
_c11767783
100 _a20170814d1919 |||y0rusy50 ca
101 0 _arus
102 _aRU
105 _ay z 000zy
135 _acrgn 008apada
200 1 _aОбязательное постановление Отдела управления при Муромском уездно-городском исполкоме Совдепа. г. Муром, 6-го сент. 1919 г.
_e[о регистрации бывших чиновников, офицеров, владельцев предприятий и др.
_eлистовка
_fМуромский уезд.-гор. исполнительный комитет Советов]
210 _a[Муром
_cб. и.
_d1919, сент.]
215 _a1 с.
_d20х15
300 _aПодписи: Заведующий Отделом управления Маевский; секретарь Кочетов
325 1 _aКопия доступна в Электронной библиотеке РНБ
517 1 _aО регистрации бывших чиновников, офицеров, владельцев предприятий и др.
607 _aРСФСР
_jЛистовки
_xПолитика и управление
_y1917 - 1925
_92312782
_3RU\NLR\auth\6601609564
686 0 _aТ3(2)71-313,011
686 1 _aТ3(2Р-4Вл)712-3,011
702 1 _aМаевский
_cдеятель местного управления
_4720
702 1 _4720
_aКочетов
_cсекретарь исполкома
_9180684
_3RU\NLR\AUTH\770180735
710 0 2 _aМуромский уездно-городской отдел управления
_9572123
_3RU\NLR\AUTH\880454345
852 0 0 _aNLR
_bФЛ
_j16/63
942 _cBOOK
980 _aNB
981 2 1 _a(21) Листовки
_b(21) Листовки 1919 года
981 2 2 _a(22) Материалы по истории России
_b(22) История России с 25 октября (7 ноября) 1917 года